Hindu response to nationalist ferment: Bengal 1909-1935 (Record no. 378165)

000 -LEADER
fixed length control field 00418cam a22001457a 4500
008 - FIXED-LENGTH DATA ELEMENTS--GENERAL INFORMATION
fixed length control field 180718b1992 xxu||||| |||| 00| 0 eng d
082 ## - DEWEY DECIMAL CLASSIFICATION NUMBER
Classification number AB45 C349
100 ## - MAIN ENTRY--PERSONAL NAME
Personal name Chakravarty, Papia
245 ## - TITLE STATEMENT
Title Hindu response to nationalist ferment: Bengal 1909-1935
Statement of responsibility, etc. by Papia Chakravarty
260 ## - PUBLICATION, DISTRIBUTION, ETC.
Place of publication, distribution, etc. Calcutta
Name of publisher, distributor, etc. Subarnarekha
Date of publication, distribution, etc. 1992
300 ## - PHYSICAL DESCRIPTION
Extent 411p.
650 ## - SUBJECT ADDED ENTRY--TOPICAL TERM
Topical term or geographic name entry element Nationalism
650 ## - SUBJECT ADDED ENTRY--TOPICAL TERM
Topical term or geographic name entry element Philosophy, Hindu
650 ## - SUBJECT ADDED ENTRY--TOPICAL TERM
Topical term or geographic name entry element Hinduism
Holdings
Withdrawn status Lost status Damaged status Not for loan Permanent Location Current Location Date acquired Full call number Barcode Date last seen Price effective from Koha item type
        Indian Institute of Public Administration Indian Institute of Public Administration 1995-11-27 AB45 C349 69712 2018-07-21 2018-07-21 Book

Powered by Koha